Computer Studies & Information Technology (Record no. 251851)
[ view plain ]
| 000 -LEADER | |
|---|---|
| fixed length control field | 00338nam a22001337a 4500 |
| 020 ## - INTERNATIONAL STANDARD BOOK NUMBER | |
| ISBN | 9780333598344 |
| 082 ## - DEWEY DECIMAL CLASSIFICATION NUMBER | |
| Classification number | QA76 |
| Item number | .D757 1997 |
| 100 ## - MAIN ENTRY--AUTHOR NAME | |
| Personal name | Driscoll, Terenceal |
| 245 ## - TITLE STATEMENT | |
| Title | Computer Studies & Information Technology |
| 260 ## - PUBLICATION, DISTRIBUTION, ETC. (IMPRINT) | |
| Place of publication | Malaysia |
| Name of publisher | Macmillan |
| Year of publication | 1997 |
| 300 ## - PHYSICAL DESCRIPTION | |
| Number of Pages | 391 |
| Other physical details | ill. |
| 490 ## - SERIES STATEMENT | |
| Series statement | The Motivate Series |
| 942 ## - ADDED ENTRY ELEMENTS (KOHA) | |
| Koha item type | Long Loan Books |
| Withdrawn status | Lost status | Collection code | Home library | Current library | Shelving location | Date acquired | Full call number | Accession Number | Koha item type |
|---|---|---|---|---|---|---|---|---|---|
| Non-fiction | Rongo University Library | Rongo University Library | General Stacks | 15/01/2016 | QA76 .D757 1997 | 20087539 | Long Loan Books |
